Management Contracts in the Supply Chain (Record no. 2124)

MARC details
000 -LEADER
fixed length control field 00350nam a22001337a 4500
008 - FIXED-LENGTH DATA ELEMENTS--GENERAL INFORMATION
fixed length control field 250306b |||||||| |||| 00| 0 eng d
020 ## - INTERNATIONAL STANDARD BOOK NUMBER
ISBN 9789785773903
100 ## - MAIN ENTRY--AUTHOR
Author Bola Afolabi
245 ## - TITLE STATEMENT
Title Management Contracts in the Supply Chain
260 ## - PUBLICATION, DISTRIBUTION, ETC. (IMPRINT)
Place of publication Lagos State
Name of publisher King Publishing House
Date of publication 2020
300 ## - COLLATION
Pagination 248p.
942 ## - ADDED ENTRY ELEMENTS (KOHA)
Item type Books
050 ## - LIBRARY OF CONGRESS CALL NUMBER
Classification number HD 3861
Item number .A46
Holdings
Source of classification or shelving scheme Not for loan Permanent location Current location Date acquired Accession No. Barcode. Koha item type
Library of Congress Classification   Samuel Ogbemudia Main Library, University of Abuja Samuel Ogbemudia Main Library, University of Abuja 03/06/2025 2021/57812 2025-0310 Books
Library of Congress Classification   Samuel Ogbemudia Main Library, University of Abuja Samuel Ogbemudia Main Library, University of Abuja 03/06/2025 2021/57812 2025-0311 Books